| 000 | 00422nam a22001577a 4500 | ||
|---|---|---|---|
| 999 |
_c12669 _d12669 |
||
| 008 | 210212b ||||| |||| 00| 0 eng d | ||
| 082 | 0 | 0 |
_a629.83 _bT874 |
| 100 |
_94779 _aJohn G. Truxal |
||
| 245 | 1 | 0 |
_aAutomatic feedback control system _cby John G. Truxal |
| 250 | _a1st ed. | ||
| 260 |
_aBombay: _bMcGraw-Hill _c1955 |
||
| 300 | _axiii, 675p. | ||
| 365 | _d27.00 | ||
| 650 | 0 | _aFeedback control systems | |
| 942 | _cBK | ||